Normal view
MARC view
Entry Topical Term
001 - CONTROL NUMBER
- control field: 37210
003 - CONTROL NUMBER IDENTIFIER
- control field: ARRUPE
005 - DATE AND TIME OF LATEST TRANSACTION
- control field: 20171018095738.0
008 - FIXED-LENGTH DATA ELEMENTS
- fixed length control field: 171018|| aca||aabn | a|a d
040 ## - CATALOGING SOURCE
- Original cataloging agency: ARRUPE
- Transcribing agency: ARRUPE
150 ## - HEADING--TOPICAL TERM
- Topical term or geographic name as entry element: Angels
- General subdivision: Early works
670 ## - SOURCE DATA FOUND
- Source citation: Work cat.: (ARRUPE)43521: Saint Thomas Aquinas 37209, Treatise on seperate substances